Fisiología de la naturaleza / (Record no. 156358)

MARC details
000 -LEADER
campo de control de longitud fija 00786nam a2200193 i 4500
001 - NÚMERO DE CONTROL
campo de control 156358
003 - IDENTIFICADOR DE NÚMERO DE CONTROL
campo de control ES-MaACL
005 - FECHA Y HORA DE LA ÚLTIMA TRANSACCIÓN
campo de control 20250814031826.0
008 - DATOS DE LONGITUD FIJA--INFORMACIÓN GENERAL
campo de control de longitud fija 040728s1869 sp |||| | spa d
040 ## - FUENTE DE CATALOGACIÓN
Centro catalogador/agencia de origen CAM
Lengua de catalogación spa
Centro/agencia transcriptor CAM
245 00 - MENCIÓN DEL TÍTULO
Título Fisiología de la naturaleza /
Mención de responsabilidad, etc. escrita en francés y traducida al castellano por Antonio Jiménez y Serrano.
260 ## - PUBLICACIÓN, DISTRIBUCIÓN, ETC.
Lugar de publicación, distribución, etc. Madrid :
Nombre del editor, distribuidor, etc. [s.n.],
Fecha de publicación, distribución, etc. 1869 (
Fabricante Imprenta Médica de Manuel Alvarez)
300 ## - DESCRIPCIÓN FÍSICA
Extensión 92 p. ;
Dimensiones 22 cm.
650 #4 - PUNTO DE ACCESO ADICIONAL DE MATERIA--TÉRMINO DE MATERIA
Término de materia o nombre geográfico como elemento de entrada Fisiología.
9 (RLIN) 136120
650 07 - PUNTO DE ACCESO ADICIONAL DE MATERIA--TÉRMINO DE MATERIA
Término de materia o nombre geográfico como elemento de entrada Ciencias naturales
Fuente del encabezamiento o término embne
9 (RLIN) 10984
700 1# - ENTRADA AGREGADA--NOMBRE PERSONAL
Nombre de persona Jimenez Serrano, Antonio.
9 (RLIN) 128304
852 ## - LOCALIZACIÓN
Ubicación ES-MaACL
Número de control de estantería T-625-F-2
Nota libre -- Enc. hol., falto de la cub. original
-- -- An. ms.: ded. del autor al Ateneo de Madrid
-- -- Enc. en un vol. facticio
Holdings
Estatus retirado Estado de pérdida Estado de daño No para préstamo Colección Biblioteca de origen Biblioteca actual Ubicación en estantería Fecha de adquisición Total de préstamos Signatura topográfica completa Código de barras Visto por última vez Precio de reemplazo Tipo de ítem Koha
        Colección de folletos Biblioteca del Ateneo de Madrid Biblioteca del Ateneo de Madrid Depósito folletos 17/01/2008   T-625-F-2 1163583 23/02/2023 23/02/2023 Folleto